[Event "FRA-chT U20"]
[Site "Mulhouse"]
[Date "2005.12.19"]
[Round "5"]
[White "Lagarde, Maxime"]
[Black "Demard, Benjamin"]
[Result "1-0"]
[WhiteElo "2175"]
[BlackElo "1240"]
[PlyCount "37"]
[EventDate "2005.12.??"]
[EventType "team"]
[EventRounds "11"]
[EventCountry "FRA"]
[SourceTitle "EXT 2007"]
[Source "ChessBase"]
[SourceDate "2006.11.23"]
[SourceVersion "1"]
[SourceVersionDate "2006.11.23"]
[SourceQuality "1"]
[WhiteTeam "Niort"]
[BlackTeam "Nancy"]
[WhiteTeamCountry "FRA"]
[BlackTeamCountry "FRA"]

1. e4 d5 2. exd5 Qxd5 3. Nc3 Qa5 4. d4 Nf6 5. Bc4 Bg4 6. f3 Bf5 7. Nge2 Nc6 8. Be3 0-0-0 9. 0-0 e5 10. d5 Nb4 11. a3 Nxc2 12. b4 Bxb4 13. axb4 Qxb4 14. Ra4 Qd6 15. Nb5 Qd7 16. Nxa7+ Kb8 17. Nc6+ bxc6 18. Qb1+ Kc8 19. Ba6# 1-0

[Event "FRA-chT U20"]
[Site "Mulhouse"]
[Date "2005.12.18"]
[Round "4"]
[White "Demard, Benjamin"]
[Black "Sochacki, Christophe"]
[Result "0-1"]
[WhiteElo "1240"]
[BlackElo "2044"]
[PlyCount "46"]
[EventDate "2005.12.??"]
[EventType "team"]
[EventRounds "11"]
[EventCountry "FRA"]
[SourceTitle "EXT 2007"]
[Source "ChessBase"]
[SourceDate "2006.11.23"]
[SourceVersion "1"]
[SourceVersionDate "2006.11.23"]
[SourceQuality "1"]
[WhiteTeam "Nancy"]
[BlackTeam "AECE"]
[WhiteTeamCountry "FRA"]
[BlackTeamCountry "FRA"]

1. e4 c5 2. d4 cxd4 3. Qxd4 Nf6 4. Nc3 Nc6 5. Qa4 e6 6. Nf3 Bb4 7. Bg5 h6 8. Bxf6 Qxf6 9. e5 Bxc3+ 10. bxc3 Nxe5 11. Nxe5 Qxe5+ 12. Kd2 0-0 13. Re1 Qc7 14. Bd3 d5 15. c4 Bd7 16. Qb3 Qf4+ 17. Ke2 Bc6 18. g3 dxc4 19. gxf4 cxb3 20. f3 bxa2 21. Be4 Bb5+ 22. Bd3 Bxd3+ 23. cxd3 Rac8 0-1